000 00323 a2200109 4500
001 ART_39039
005 20260410161804.0
008 260409a
245 1 0 _aNotas en torno al avenimiento
100 1 _aArduino, Augusto H.L.
773 0 _tDoctrina Societaria y Concursal
_g- NÂș 319 (jun. 2014)
_wREV4298
999 _c20863
_d20863